Be a web logic server bible (Record no. 182734)

MARC details
000 -LEADER
fixed length control field 00399nam a2200157Ia 4500
008 - FIXED-LENGTH DATA ELEMENTS--GENERAL INFORMATION
fixed length control field 231217s9999 xx 000 0 und d
020 ## - INTERNATIONAL STANDARD BOOK NUMBER
International Standard Book Number 8126502142
041 ## - LANGUAGE CODE
Language code of text/sound track or separate title English
082 ## - DEWEY DECIMAL CLASSIFICATION NUMBER
Classification number 001.64404 ZUF;2
100 ## - MAIN ENTRY--PERSONAL NAME
Personal name Zuffoletto, Joe.
245 #0 - TITLE STATEMENT
Title Be a web logic server bible
260 ## - PUBLICATION, DISTRIBUTION, ETC.
Date of publication, distribution, etc. 2002
Name of publisher, distributor, etc. Wiley Dream tech
Place of publication, distribution, etc. Delhi
300 ## - PHYSICAL DESCRIPTION
Extent xxiv+973
650 ## - SUBJECT ADDED ENTRY--TOPICAL TERM
Topical term or geographic name entry element Be,logic,server,bible
942 ## - ADDED ENTRY ELEMENTS (KOHA)
Koha item type Books
Holdings
Date last seen Total checkouts Full call number Accession number Price effective from Category Lost status Damaged status Department Withdrawn status Home library Current library Shelving location Entry date Vendor Grants Billdate Currency symbol Conversion rate Discount Old discount
26/01/2024   001.64404 ZUF;2 53504 26/01/2024 Books     Central Library   Central Library Central Library Central Library 24/03/2009 Publisher DONATED 22/08/2012 RS 1    

© For any Suggestions or Query, please contact the library staff @ librarian@pes.edu or Phone: +9180 2672 1983/ 2108.